02115nam a2200253Ia 450000500170000000800410001704000440005804100080010208200140011010000280012424200400015224500360019226001210022830001260034950008390047550503370131450600210165154600230167260000290169560000510172460000460177565000190182165100210184020170522155450.0130821s1891 fr abe fr 1 fre  aCo-BoUCMbspacSandra YazodSandra Yazo0 afre04a232.92201 aDidon, Henrid1840-190000aJesucristocpor el Padre Didonyspa10aJésus ChristcLe Père Didon aParís (Francia)bLibrairie Plon [Librería Plon] bE.Plon, Nourrit et Cie.[E. Plon, Nourrit y Compañía]c1891 a2 volúmenes (lxxxviii, 483 páginas, [1] hojas plegada ; 469 páginas, [2] hojas plegadas)bmapas, planosc24 x 16 cm aDetalles físicos: Encuadernación rígida (holandesa) en cartón forrado en tela, lomo y esquineras en cuero. Lomo con nervaduras sobre costuras y repujados en dorado, raspaduras y residuos de cinta pegante. Guardas. Anteportada. Portada impresa en una sola tinta. Licencias y permisos. Texto impreso en una sola columna, algunas notas al pie de página. V.1 Ej.1 Después de la pág. 192 un plegable con plano del Templo de Jerusalén en tiempos de Jesús. V.2 Ej.1 Plegable con los alrededores de Jerusalén. Un plegable (completo) con plano del de Jerusalén ("antigua y moderna"). Al final, otro plegable con un mapa de Palestina en los tiempos de Jesús. V.1 Ej.2 plano en pág. 192. Varios mapas al fuera del texto (V.2 en págs. 167 y última hoja). Varias tablas al final del V.2 ej.2 Papel con algunas manchas0 aV.1: Introducción: la crítica y la historia en una historia de Jesús ; Libro 1 – 3: Los orígenes de Jesús ; Juan el Precursor y los comienzos de Jesús ; Predicación en Galilea y anuncio del Reino de Dios -- V.2: Libro 4: Las grandes luchas en Jerusalén ; La muerte de Jesús y el tiempo posterior ; Mapas y planos aConsulta en sala aTexto en francés14aJesucristovBiografías14aJesucristoxCrítica e interpretación, etc. aJesucristoxInterpretaciones espirituales aVida cristiana aPalestinavMapas